[Event "SVK Amateur-ch 2020"]
[Site "Topolcany"]
[Date "2020.07.13"]
[Round "4.3"]
[White "Janco, Darius"]
[Black "Kukan, Michal"]
[Result "1-0"]
[WhiteElo "2003"]
[BlackElo "1760"]
[Annotator "TA"]
[PlyCount "87"]
[EventDate "2020.07.10"]
[EventType "swiss"]
[EventCountry "SVK"]

{[%evp 9,87,-90,-94,-123,-127,-114,-90,-100,-89,-81,-17,-8,99,8,156,7,72,-15,0,-60,-54,-46,0,-64,0,-99,-46,-47,70,67,125,98,124,62,257,114,110,135,335,327,426,64,564,549,767,366,366,365,599,364,365,351,335,346,380,380,768,756,1209,1189,1203,1184,1218,1089,1282,1293,1247,1146,29966,29967,6095,6095,5465,5289,29996,29997,29997,29998,29998,29999]} 1. e4 d6 2. d4 g6 3. c4 Bg7 4. Be3 Nf6 {[#]} 5. Be2 $146 ({Predecessor:} 5. Nc3 O-O 6. h3 Na6 7. Nf3 e5 8. d5 Nc5 9. Nd2 a5 10. g4 Ne8 11. h4 Bf6 12. g5 Be7 13. Be2 f5 14. gxf6 Bxf6 15. Nf3 Ng7 16. Ng5 h6 17. Nf3 Bg4 18. Ng1 Bxe2 19. Qxe2 Bxh4 {0-1 (55) Anton Guijarro,D (2703)-Svidler,P (2723) chess24.com INT 2020}) 5... Nxe4 6. f3 {A41: 1 d4 d6: Tartakower System and Modern Defence.} Nf6 7. Nc3 c6 8. Qd2 {Black is better.} a6 9. h4 e5 (9... b5 $17) 10. O-O-O $11 {aiming for dxe5.} Qe7 (10... Nbd7 $11 {remains equal.}) 11. g4 (11. dxe5 $1 $16 dxe5 12. Bc5) 11... h5 (11... Nbd7 $11) 12. g5 ({White must play} 12. dxe5 $1 $16 dxe5 13. Bc5 $1 {[%mdl 512]}) 12... Nh7 (12... Nfd7 $11 {keeps the balance.}) 13. f4 (13. dxe5 $16 Bxe5 14. f4 Bxc3 15. Qxc3) 13... e4 14. d5 (14. Na4 $11 Bf5 15. Nb6) 14... c5 $1 $15 15. Nh3 Bf5 16. Nf2 $1 O-O (16... b5 $15) 17. Rhe1 {[#]} (17. Rhg1 $1 $11 {was the only way to keep the balance.}) 17... Re8 (17... b5 $1 $17 {[%mdl 512]} 18. cxb5 axb5 19. Bxb5 Na6) 18. Nh1 Nf8 (18... Nd7 $15) 19. Ng3 $14 Qd7 {[#]} (19... Qd8 $14) 20. Qc2 $1 $16 a5 21. Ncxe4 (21. Nb5 $16) 21... a4 $2 (21... Na6 $1 $14 22. a3 a4) 22. Bd3 (22. Nxf5 $18 {has better winning chances.} gxf5 23. Nf6+ Bxf6 24. gxf6) 22... a3 23. b3 Na6 $2 (23... Bg4 $16) 24. Nxf5 $18 Nb4 25. Qd2 $2 (25. Nh6+ $18 Kh7 26. Qe2) 25... Bb2+ $2 {[%mdl 8192]} ({Better is} 25... gxf5 $14 26. Ng3 Bc3) 26. Kb1 Nxd3 27. Qxd3 (27. Nh6+ $142 Kh7 28. Qxd3) 27... Qxf5 28. Nxd6 {[%mdl 64] Double Attack} Qxd3+ 29. Rxd3 Re7 30. Bd2 Rxe1+ 31. Bxe1 Bd4 32. Bc3 Bf2 $2 (32... Bxc3 33. Rxc3 b6) 33. Ne4 Bd4 34. Bxd4 cxd4 {[%mdl 4096] Endgame KRN-KRN} 35. Nf6+ Kg7 36. Rxd4 Rd8 37. b4 b6 38. Kc2 Ne6 39. dxe6 Rxd4 40. e7 Rxc4+ {[#]} 41. Kb3 $1 {[%mdl 512]} Rxb4+ 42. Kxb4 {White mates.} b5 43. Kc5 b4 44. e8=Q {Accuracy: White = 57%, Black = 33%.} 1-0

[Event "SVK Amateur-ch 2020"]
[Site "Topolcany"]
[Date "2020.07.12"]
[Round "4.4"]
[White "Kleman, Miroslav"]
[Black "Frink, Ferenc"]
[Result "1-0"]
[WhiteElo "2198"]
[BlackElo "2075"]
[Annotator "TA"]
[PlyCount "53"]
[EventDate "2020.07.10"]
[EventType "swiss"]
[EventCountry "SVK"]
[SourceTitle "playchess.com"]
[Source "ChessBase"]
[SourceQuality "1"]

{[%evp 9,53,11,15,8,35,30,43,-6,51,49,49,50,55,40,44,18,43,27,49,56,50,44,54,47,50,45,80,53,114,122,314,302,552,553,554,548,551,554,566,566,559,545,529,532,593,564]} 1. f4 e5 2. e4 Bc5 3. Nc3 d6 4. Nf3 Nc6 5. Na4 Bg4 6. c3 {C30: King's Gambit Declined.} Nf6 7. d3 O-O 8. Be2 {[#] White is slightly better.} Nd7 $146 (8... exf4 $11 9. Bxf4 (9. Nxc5 dxc5 10. Bxf4 c4 $11) 9... Re8) ({Predecessor:} 8... Qd7 9. fxe5 dxe5 10. Nxc5 Qc8 11. O-O a6 12. Nh4 Bxe2 13. Qxe2 Qb8 14. Rxf6 Qd8 15. Rxc6 bxc6 {1-0 (26) Pujaico Escudero,K (1792)-Canales Farfan,S Antofagasta 2016}) 9. Nxc5 $14 Nxc5 10. b4 {[%cal Bb2b4,Bb4b5][%mdl 32]} Ne6 11. f5 Nf4 12. O-O d5 13. b5 {[#] aiming for Bxf4.} dxe4 14. dxe4 {And now Bxf4 would win.} Na5 15. Bxf4 exf4 16. Nd4 $36 {[%mdl 2048] White has good play.} Bxe2 17. Qxe2 Qg5 18. Rae1 Rfe8 {[#]} (18... a6 $14) 19. e5 $1 $16 Rad8 $2 {This costs Black the game.} (19... c5 $16) 20. Qe4 $18 Nc4 $2 (20... c5 {is a better defense.}) 21. Nf3 {[%mdl 64] Discovered Attack. White is clearly winning.} Nd2 22. Nxg5 Nxe4 23. Rxe4 Rd5 24. c4 Rdxe5 25. Rxe5 Rxe5 26. Rxf4 h6 27. Re4 {Accuracy: White = 88%, Black = 39%.} 1-0

[Event "SVK Amateur-ch 2020"]
[Site "Topolcany"]
[Date "2020.07.13"]
[Round "4.4"]
[White "Skreno, Vladimir"]
[Black "Rabovszky Gyorgy"]
[Result "1-0"]
[WhiteElo "2119"]
[BlackElo "1716"]
[Annotator "TA"]
[PlyCount "83"]
[EventDate "2020.07.10"]
[EventType "swiss"]
[EventCountry "SVK"]

{[%evp 14,83,40,-72,-25,-21,-14,-24,0,0,1,-2,16,0,10,10,12,14,38,32,45,0,109,106,97,91,85,78,91,85,88,93,85,105,125,96,101,81,137,131,140,140,206,147,183,158,341,217,508,506,490,456,389,357,781,783,1247,1307,1277,1266,1080,1001,953,889,847,772,595,460,2360,2339,1697,1658]} 1. d4 Nf6 2. Nf3 d5 3. c4 e6 4. Bg5 h6 5. Bxf6 Qxf6 6. Nc3 Bb4 7. Qa4+ Nc6 8. Ne5 (8. e3 $14) 8... O-O {D38: Queen's Gambit Declined: Ragozin Defence (4 Nf3 Bb4).} (8... Bd7 $5 {[%cal Rb4c3]} 9. Nxc6 Bxc3+ 10. bxc3 Bxc6 $17) 9. Nxc6 Bxc3+ $1 10. bxc3 {aiming for Ne5.} Bd7 {[%mdl 64] [#] Pin. Black has an edge.} 11. cxd5 exd5 12. e3 bxc6 13. Be2 {[#]} Qg6 $146 ({Predecessor:} 13... Rfb8 14. O-O Bf5 15. Qa3 Qg6 16. Rfd1 Rb6 17. Rd2 a6 18. Rb2 Rab8 19. Rxb6 Rxb6 20. Bxa6 {1-0 (44) Mjakonkikh,D (2210)-Nevsky,I (1784) Angarsk 2017}) 14. O-O Bf5 15. c4 Rfb8 16. cxd5 cxd5 17. Rac1 Rb7 {[#]} (17... Be4 $11 18. f3 Bd3) 18. Bf3 $1 $16 Be4 19. Bxe4 Qxe4 20. Qa5 Rab8 21. Rxc7 Rb1 {( -> ...Rxf1+)} 22. Rcc1 Rxc1 23. Rxc1 {[%mdl 4096] Endgame KQR-KQR} Rb1 24. Qc3 a5 25. h3 Rxc1+ (25... a4 $142) 26. Qxc1 {KQ-KQ} Qd3 27. a4 Qb3 (27... g6 $16 {might work better.} 28. Qe1 Qa6) 28. Qc6 Kh7 29. Kh2 f5 $2 {This move loses the game for Black.} (29... Qc4 $16 30. Qd7 f6) 30. Qd7 Kg6 $2 (30... f4 31. Qf5+ (31. exf4 Qc4 $18) 31... Kg8 32. exf4 Kh8 33. Qc8+ Kh7) 31. Qe6+ $18 Kh7 32. Qxf5+ Kh8 33. Qd7 Kh7 $2 (33... Qb8+ 34. g3 Qf8) 34. Qb5 {White is clearly winning.} Qxb5 35. axb5 {KP-KP} a4 36. b6 a3 37. b7 a2 38. b8=Q {White wants to mate with Qa8!} a1=Q 39. Qe5 Qa2 40. f3 Qc4 (40... Kg8 $142 41. Qe6+ Kh8) 41. e4 dxe4 42. fxe4 {Accuracy: White = 78%, Black = 51%.} 1-0

[Event "SVK Amateur-ch 2020"]
[Site "Topolcany"]
[Date "2020.07.12"]
[Round "4.5"]
[White "Szitas, Gabor"]
[Black "Hros, Roman"]
[Result "0-1"]
[WhiteElo "2082"]
[BlackElo "2187"]
[Annotator "TA"]
[PlyCount "88"]
[EventDate "2020.07.10"]
[EventType "swiss"]
[EventCountry "SVK"]
[SourceTitle "playchess.com"]
[Source "ChessBase"]
[SourceQuality "1"]

{[%evp 9,87,12,20,-18,24,0,1,-2,163,144,172,150,136,115,101,89,97,82,185,182,185,171,197,79,69,73,76,73,93,45,73,8,42,-4,-9,-8,144,143,100,-78,-41,-72,-77,-81,-75,-72,-77,-147,-146,-181,-162,-161,-169,-200,-200,-197,-151,-301,-184,-204,-172,-192,-189,-216,-206,-404,-397,-522,-464,-518,-518,-820,-820,-850,-818,-5043,-2519,-29967,-29971,-29999]} 1. e4 c5 2. Nf3 e6 3. b3 b6 4. Bb2 Bb7 5. Nc3 Nc6 6. Bb5 {B40: Sicilian: 2...e6, Unusual lines.} Qc7 7. O-O Nf6 8. Re1 {[#] The position is equal.} d6 $146 (8... Nd4 $11 {and Black is okay.}) ({Predecessor:} 8... O-O-O 9. e5 Ng4 10. Qe2 f6 11. Bxc6 Qxc6 12. Nb5 Kb8 13. exf6 Nxf6 14. Qf1 a6 {1-0 (38) Samuelson,A (2111)-Beckman,T (2080) Philadelphia 2005}) 9. Nd5 Qd8 10. d4 a6 11. Nxf6+ Qxf6 12. Bxc6+ Bxc6 13. Rb1 Qg6 (13... Qe7 $16) 14. d5 $18 Bd7 15. e5 $1 {[%cal Re5d6] Hoping for exd6.} O-O-O 16. Qe2 (16. c4 $18 {is more deadly.}) 16... Kb7 $16 17. c4 $1 exd5 18. cxd5 Re8 19. b4 cxb4 20. Qc4 ({White should try} 20. Qd2 $16) 20... Rc8 21. Qxb4 {And now e6! would win.} dxe5 22. Qb3 $1 f6 $2 {[#]} (22... Qc2 $11 23. Nxe5 Qxb3 24. axb3 Bf5) 23. Bxe5 $1 {[%mdl 512]} b5 {[%cal Bb6b5,Bb5b4][%mdl 32]} (23... fxe5 24. Nxe5) 24. Bd4 $2 (24. d6 $16 {a4 is the strong threat.} fxe5 25. Nxe5) 24... Bd6 25. Be3 Qc2 {Black continues to play with concentration.} 26. Nd4 Qxb3 27. Nxb3 Rc2 28. a4 {[#]} (28. h3 $142) 28... b4 $1 $17 29. a5 Rhc8 30. Bb6 {[#]} Re8 $1 31. Rxe8 Bxe8 32. Nd4 Rd2 33. Re1 (33. Nf5 $17 Bf8 34. d6) 33... Bd7 34. g3 h5 35. h4 g6 36. Rb1 Bf5 37. Nxf5 $2 (37. Re1) 37... gxf5 $19 {[%mdl 4096] Endgame KRB-KRB} 38. Rb3 Rxd5 39. Kg2 Kc6 40. Re3 (40. Bd8 $142 Kb5 41. Kf3) 40... Kb5 41. f3 Rd2+ 42. Kh3 f4 43. Re6 fxg3 {[%csl Gd6,Gg3][%cal Rd2h2]} 44. Rxf6 Rh2# {Accuracy: White = 35%, Black = 66%.} 0-1

[Event "SVK Amateur-ch 2020"]
[Site "Topolcany"]
[Date "2020.07.13"]
[Round "4.5"]
[White "Mirowska Oliwia"]
[Black "Sarkozi Szabolcs"]
[Result "0-1"]
[WhiteElo "1898"]
[BlackElo "2123"]
[Annotator "ChessBase"]
[PlyCount "62"]
[EventDate "2020.07.10"]
[EventType "swiss"]
[EventCountry "SVK"]
[TimeControl "3600+30"]

1. e4 {[%emt 0:00:00]} c5 {[%emt 0:08:13]} 2. Nf3 {[%emt 0:00:32]} Nc6 {[%emt 0:00:05]} 3. d4 {[%emt 0:00:08]} cxd4 {[%emt 0:00:02]} 4. Nxd4 {[%emt 0:00:11]} Nf6 {[%emt 0:00:02]} 5. Nc3 {[%emt 0:00:15]} e5 {[%emt 0:00:03]} 6. Ndb5 {[%emt 0:00:10]} d6 {[%emt 0:00:05]} 7. Bg5 {[%emt 0:00:18]} a6 {[%emt 0:00:17]} 8. Na3 {[%emt 0:00:07]} b5 {[%emt 0:00:11]} 9. Nd5 {[%emt 0:01:43]} Be7 {[%emt 0:02:40]} 10. Bxf6 {[%emt 0:00:36]} Bxf6 {[%emt 0:00:02]} 11. c3 {[%emt 0:01:02]} O-O {[%emt 0:01:34]} 12. Nc2 {[%emt 0:00:39]} Rb8 {[%emt 0:02:22]} 13. Bd3 {[%emt 0:01:24]} Bg5 {[%emt 0:00:48]} 14. Nce3 {[%emt 0:04:21]} a5 {[%emt 0:03:52]} 15. Qh5 {[%emt 0:05:47]} Be6 {[%emt 0:02:13]} 16. h4 {[%emt 0:01:31]} Bxe3 {[%emt 0:02:33]} 17. Nxe3 {[%emt 0:05:52]} b4 {[%emt 0:04:49]} 18. Nf5 {[%emt 0:02:47]} Bxf5 {[%emt 0:07:35]} 19. exf5 {[%emt 0:00:33]} e4 {[%emt 0:00:51]} 20. Be2 {[%emt 0:11:48]} bxc3 {[%emt 0:02:53]} 21. bxc3 {[%emt 0:00:09]} Qf6 {[%emt 0:00:23]} 22. O-O {[%emt 0:01:54]} Ne7 {[%emt 0:01:21]} 23. f3 {[%emt 0:08:38]} e3 {[%emt 0:02:11]} 24. Rac1 {[%emt 0:03:34]} Rb2 {[%emt 0:07:42]} 25. Bd3 {[%emt 0:00:55]} Nd5 {[%emt 0:00:51]} 26. f4 {[%emt 0:01:19]} Nxc3 {[%emt 0:02:39]} 27. Kh1 {[%emt 0:06:50]} Nxa2 {[%emt 0:04:16]} 28. Rce1 {[%emt 0:00:38]} Nb4 {[%emt 0:01:25]} 29. Bb1 {[%emt 0:00:25]} Re8 {[%emt 0:00:54]} 30. Qg4 {[%emt 0:01:37]} e2 {[%emt 0:01:17]} 31. Rg1 {[%emt 0:02:08]} d5 {[%emt 0:03:14]} 0-1

[Event "SVK Amateur-ch 2020"]
[Site "Topolcany"]
[Date "2020.07.12"]
[Round "4.6"]
[White "Tropp, Oliver"]
[Black "Terbe, Zsuzsanna"]
[Result "0-1"]
[WhiteElo "2087"]
[BlackElo "2192"]
[Annotator "TA"]
[PlyCount "66"]
[EventDate "2020.07.10"]
[EventType "swiss"]
[EventCountry "SVK"]
[SourceTitle "playchess.com"]
[Source "ChessBase"]
[SourceQuality "1"]

{[%evp 18,66,95,62,61,60,69,52,54,52,59,59,63,50,58,0,0,0,0,0,0,-43,0,0,0,-12,-15,-53,-28,-77,-88,-93,-90,-156,-150,-159,-159,-168,-149,-438,-182,-1166,-1162,-29989,-29990,-29993,-29991,-29993,-6375,-29991,-29992]} 1. c4 c6 2. e4 g6 3. d4 Bg7 4. Nc3 d6 5. Be3 Nf6 6. Be2 O-O 7. Nf3 Nbd7 8. O-O e5 9. d5 c5 10. Nd2 Ne8 {E94: King's Indian: Classical: 6 Be2 e5 7 0-0: Various Black 7th moves.} 11. a3 f5 {[#] And now ...f4 would win.} 12. exf5 gxf5 {White is slightly better.} 13. f3 {[#]} Kh8 $146 ({Predecessor:} 13... Qf6 14. Qc2 Bh6 15. Bxh6 Qxh6 16. Bd3 Ndf6 17. Rae1 Kh8 18. Nd1 Nh5 19. Rf2 Nf4 {1-0 (38) Fodor,T (2487)-Csirik,A (2313) Hungary 2012}) 14. Qc2 Qh4 15. Bd3 Qh5 16. g4 (16. Rae1 $14) 16... fxg4 $11 17. fxg4 Qxg4+ 18. Kh1 Ndf6 19. Nce4 Qh5 (19... b5 $5) 20. Ng3 Qh3 21. Nde4 Nxe4 22. Bxe4 {Threatening Rxf8+.} Nf6 23. Bg2 Qh4 24. Bg1 Bh6 25. Nf5 (25. Ne4 $142) 25... Bxf5 $1 $17 26. Qxf5 Ng4 $40 {[%mdl 128] Black is out for blood.} 27. Qe6 Bf4 28. h3 $2 {[%mdl 8192] This costs White the game.} (28. Rf3 $17) 28... Rf6 (28... Rg8 $142 {Threatens to win with ...Rg6.} 29. b4 (29. Qxd6 $2 Nf6 $19) 29... Rg6 30. Rxf4 exf4) 29. Rxf4 $2 (29. Qxg4 Qxg4 30. hxg4 Rh6+ 31. Bh2 Rxh2+ 32. Kg1) 29... Rxf4 $19 ({Stronger than} 29... exf4 30. Qxg4 Qxg4 31. hxg4 $14) 30. Qxd6 Rg8 31. Bxc5 Rf3 32. Kg1 Rf6 (32... Rxh3 $142 33. Qe6 {[#]} Rg3 $1 {[%mdl 512]} 34. Qf7 Qh2+ {[%mdl 64] Double Attack} 35. Kf1 Qxg2+ {[%mdl 64] Double Attack} 36. Ke1 Qe4+ {[%mdl 64] Double Attack} 37. Kd1 Rd3+ 38. Kc2 Qxc4+ {[%mdl 64] Double Attack} 39. Kb1 Rd1#) 33. Qe7 Nf2 {Accuracy: White = 42%, Black = 77%.} 0-1

[Event "SVK Amateur-ch 2020"]
[Site "Topolcany"]
[Date "2020.07.13"]
[Round "4.7"]
[White "Ihnat Marek ml."]
[Black "Alexandrova, Angelina"]
[Result "1-0"]
[WhiteElo "2065"]
[BlackElo "1839"]
[Annotator "TA"]
[PlyCount "61"]
[EventDate "2020.07.10"]
[EventType "swiss"]
[EventCountry "SVK"]

{[%evp 19,61,47,72,68,68,17,49,33,300,290,286,228,224,232,232,206,230,221,230,219,219,213,228,207,212,214,213,199,198,188,234,237,258,250,256,251,417,412,843,832,832,737,715,718]} 1. e4 c5 2. Nf3 d6 3. d4 cxd4 4. Nxd4 Nf6 5. Nc3 Nc6 6. Bg5 Bd7 7. Qd2 Rc8 8. O-O-O Nxd4 9. Qxd4 Qa5 10. Bd2 g6 11. Kb1 {B61: Sicilian: Richter-Rauzer: 6...Bd7 7 Qd2.} Bg7 12. Nd5 ({White should play} 12. Nb5 $14 Qb6 13. Qxb6 axb6 14. f3) 12... Qd8 {[#]} 13. Qxa7 $146 {Ba5 is the strong threat.White is slightly better.} ({Predecessor:} 13. Bg5 O-O 14. Nxf6+ exf6 15. Bf4 Be6 16. Bxd6 Qa5 17. a3 Rfd8 18. Be2 f5 19. e5 Rxd6 20. Qxd6 Bxe5 {0-1 (27) Schwartz,Y (2275)-Ivanov,I (2475) Newark 1995}) 13... Nxe4 $2 {[%mdl 8192] Loses the game.} (13... Nxd5 $14 14. exd5 O-O) 14. Ba5 $18 Ra8 15. Nc7+ {[%mdl 64] [#] Overworked Piece} ({Not} 15. Bxd8 Rxa7 16. Bxe7 Bc6 $14) 15... Qxc7 16. Qxa8+ Qc8 17. Qxc8+ Bxc8 18. Bb6 O-O 19. Bd3 Nc5 20. Be2 Bf5 21. Rhe1 Rc8 {next ...Na4 is good for Black.} 22. Bxc5 Rxc5 23. Bd3 {Black must now prevent Bxf5.} Be6 24. Re4 Bf6 25. Rb4 Bd5 26. Be4 Bxe4 27. Rxe4 d5 $2 {[#]} (27... Kg7 28. Rb4 b5) 28. b4 Rc4 (28... Rc7 $142) 29. Rxc4 {White is clearly winning.} dxc4 30. Rd7 b6 31. a4 {Accuracy: White = 87%, Black = 45%.} 1-0

[Event "SVK Amateur-ch 2020"]
[Site "Topolcany"]
[Date "2020.07.12"]
[Round "4.7"]
[White "Stevik, Patrik ml."]
[Black "Takacs, Laszlo"]
[Result "0-1"]
[WhiteElo "2047"]
[BlackElo "2187"]
[Annotator "TA"]
[PlyCount "58"]
[EventDate "2020.07.10"]
[EventType "swiss"]
[EventCountry "SVK"]
[SourceTitle "playchess.com"]
[Source "ChessBase"]
[SourceQuality "1"]

{[%evp 9,58,54,51,33,42,0,35,8,24,8,9,9,0,0,33,-437,-446,-427,-433,-689,-710,-724,-702,-713,-714,-693,-727,-993,-986,-975,-972,-1144,-789,-753,-740,-702,-665,-636,-556,-538,-524,-561,-548,-743,-714,-29994,-29995,-29995,-29990,-29996,-958]} 1. b3 e5 2. Bb2 Nc6 3. e3 d6 4. Nf3 Bg4 5. Be2 f5 6. d3 {A01: Nimzowitsch-Larsen Opening.} Nf6 7. Nbd2 {[#]} Qd7 $146 ({Predecessor:} 7... Be7 8. h3 Bh5 9. Ng5 Bxe2 10. Qxe2 Qd7 11. d4 h6 12. dxe5 Nxe5 13. Ngf3 Nxf3+ 14. Nxf3 {1-0 (51) Kanzler,K (1867)-Dummer,M (1629) Florianopolis 2020}) 8. a3 {White is slightly better.} Be7 9. c4 e4 10. dxe4 fxe4 11. Nd4 Ne5 {[%cal Bc6e5,Be5d3,Bd3f2,Bf2h1][%mdl 32]} 12. Bxg4 $4 {[%mdl 8192] This costs White the game.} (12. O-O $14 {keeps the upper hand.}) 12... Nd3+ $19 {[%mdl 64] Double Attack, Zwischenzug} ({And not} 12... Qxg4 13. O-O $14) 13. Kf1 Nxg4 14. Nxe4 {[#]} (14. Qe2 $142 Ndxf2 15. Kg1 Nxh1 16. Kxh1) 14... Ndxf2 $1 {[%mdl 576] Double Attack} 15. Qf3 (15. Nxf2 Nxe3+) 15... Nxh1 16. Kg1 Rf8 17. Qh3 Nhf2 18. Qh5+ g6 19. Qxh7 O-O-O 20. Nxf2 Nxf2 21. Qxg6 Rg8 22. Qe6 Nd3 23. Bc3 c5 24. Qxd7+ Kxd7 25. Nf5 {White hopes to continue with Rd1.} Rdf8 26. Ng3 Bg5 27. e4 Be3+ {Black mates.} 28. Kh1 Nf2+ 29. Kg1 Nxe4+ {Accuracy: White = 35%, Black = 72%.} 0-1

[Event "SVK Amateur-ch 2020"]
[Site "Topolcany"]
[Date "2020.07.12"]
[Round "4.8"]
[White "Blaho, Stefan"]
[Black "Iolis, Oleg"]
[Result "0-1"]
[WhiteElo "2050"]
[BlackElo "2166"]
[Annotator "TA"]
[PlyCount "50"]
[EventDate "2020.07.10"]
[EventType "swiss"]
[EventCountry "SVK"]
[SourceTitle "playchess.com"]
[Source "ChessBase"]
[SourceQuality "1"]

{[%evp 9,50,2,7,0,0,-8,15,0,66,21,23,0,0,0,0,-35,0,0,0,0,30,-293,-297,-308,-310,-308,-287,-343,-320,-465,-449,-956,-951,-929,-911,-1052,-1047,-1299,-1260,-1339,-1275,-1043,-912]} 1. d4 Nf6 2. Bf4 g6 3. Nc3 d5 4. e3 Bg7 5. h4 c6 6. Be2 {A45: Trompowsky Attack.} h5 7. Nf3 b5 8. Ne5 {[#] The position is equal.} Qb6 $146 (8... a5 $11) ({Predecessor:} 8... Nfd7 9. Nxd7 Nxd7 10. O-O e5 11. Bg3 exd4 12. exd4 Qf6 13. Re1 O-O 14. Bd3 Nb6 {½-½ (50) Kantzer,R (2015)-Ziska,H (2533) Le Blanc Mesnil 2019}) 9. O-O a5 10. Bf3 Nbd7 11. Re1 O-O 12. a3 Ra7 13. e4 dxe4 14. Nxe4 Nd5 15. Nc5 $2 {[%mdl 8192] [#] This costs White the game.} (15. Bg3 $11) 15... Nxf4 $19 16. Nxc6 Nxc5 17. dxc5 Qxc5 18. b4 axb4 19. Nxa7 (19. axb4 {was the only defense.} Rxa1 20. bxc5 Rxd1 21. Nxe7+ Kh7 22. Rxd1) 19... Qxa7 {Black is clearly winning.} 20. Ra2 (20. axb4 $142 Qxa1 21. Qxa1 Bxa1 22. Rxa1) 20... Be6 21. Rxe6 Nxe6 22. Qd5 bxa3 23. Qxb5 Nd4 24. Qb4 Nxf3+ 25. gxf3 Ra8 {Accuracy: White = 56%, Black = 76%.} 0-1

[Event "SVK Amateur-ch 2020"]
[Site "Topolcany"]
[Date "2020.07.13"]
[Round "4.8"]
[White "Tropp, Frantisek"]
[Black "Bochnickova, Simona"]
[Result "1-0"]
[WhiteElo "2032"]
[BlackElo "1785"]
[Annotator "TA"]
[PlyCount "45"]
[EventDate "2020.07.10"]
[EventType "swiss"]
[EventCountry "SVK"]

{[%evp 13,45,1,4,-15,23,0,-6,-3,22,20,28,12,32,48,34,31,38,37,40,-6,37,38,51,52,211,205,239,229,328,310,345,220,1637,1537]} 1. e4 e5 2. Nf3 Nc6 3. Bb5 Nf6 4. Nc3 Bb4 5. d3 d6 6. h3 O-O 7. O-O h6 8. Be3 {C49: Four Knights: 4 Bb5 Bb4.} Be6 9. Bxc6 bxc6 10. Ne2 {[#] The position is equal.} Qd7 $146 ({Predecessor:} 10... Nd7 11. d4 Qf6 12. c3 Ba5 13. Qa4 Bb6 14. Qxc6 Bxh3 15. dxe5 Qg6 16. Nf4 Qg4 17. Nxh3 Bxe3 18. fxe3 Nxe5 19. Nxe5 dxe5 20. Qxc7 Qxe4 {1-0 (45) Zozulia,A (2316)-Assaubayeva,B (2381) Riadh 2017}) 11. c4 c5 12. Ng3 Kh7 13. Nh2 Ng8 14. f4 exf4 15. Rxf4 Ne7 16. Qe2 Ng6 17. Rf2 Ne5 18. Raf1 g6 $2 {This costs Black the game.} ({Better is} 18... Ba5 $14) 19. Nf3 Nxf3+ 20. Rxf3 ({Don't take} 20. Qxf3 $6 f6 $16) 20... Ba5 (20... f5 $142 21. exf5 Bxf5 22. Nxf5 Rxf5) 21. Qf2 c6 {[#]} 22. Nf5 $1 {[%mdl 512]} gxf5 $2 {[#]} (22... Bxf5 23. exf5 g5) 23. Qh4 $1 {[%mdl 512] Accuracy: White = 77%, Black = 35%.} 1-0

[Event "SVK Amateur-ch 2020"]
[Site "Topolcany"]
[Date "2020.07.13"]
[Round "4.9"]
[White "Giertli, Vladimir"]
[Black "Rakovsky, Jakub"]
[Result "1-0"]
[WhiteElo "2034"]
[BlackElo "1644"]
[Annotator "TA"]
[PlyCount "47"]
[EventDate "2020.07.10"]
[EventType "swiss"]
[EventCountry "SVK"]

{[%evp 12,47,4,0,18,14,32,-2,20,0,14,12,19,-23,-6,-6,0,-12,24,-8,47,21,27,19,23,28,20,21,239,195,310,187,184,174,468,449,479,476]} 1. Nf3 d5 2. g3 Nf6 3. Bg2 Bf5 4. c4 c6 5. b3 Nbd7 6. Bb2 e6 7. O-O {[#]} Bb4 $146 {A12: English Opening: 1...c6 with b3 by White.} ({Predecessor:} 7... h6 8. d4 Be7 9. Nfd2 O-O 10. Nc3 a5 11. e3 Qb6 12. Qe2 Rfe8 13. Rfc1 Rad8 14. a3 Bf8 15. Qf1 Bg6 16. h3 Qa7 17. b4 axb4 18. axb4 {1-0 (123) Nakamura,H (2769)-Caruana,F (2816) Paris 2018}) 8. a3 Bd6 (8... Be7 {feels hotter.} 9. d3 Bg6 10. Nbd2 O-O 11. Nh4 Bh5) 9. d4 O-O {The position is equal.} 10. Nbd2 Re8 11. Nh4 Bg4 12. c5 Bb8 13. f4 b6 14. b4 Bh5 15. Nhf3 Ng4 (15... bxc5 $11 16. bxc5 (16. dxc5 e5 $11) 16... Qa5) 16. Qb3 f5 17. Rfc1 bxc5 18. dxc5 {Nd4 is the strong threat.} e5 19. e3 exf4 $2 {[#] A mistake that costs the game.} (19... Bc7 $11) 20. exf4 $18 a5 (20... Ne3 $142 21. Nd4 Bxf4) 21. b5 $40 {[%cal Bb4b5,Bb5b6,Bb6a7][%mdl 160] White attacks with force.} Ba7 22. b6 Rb8 $2 {[#]} (22... Nxc5 {keeps fighting.} 23. Qc3 {[%mdl 64] Double Attack} (23. Rxc5 Qxb6 24. Qxb6 Bxb6 $16) 23... Qe7 24. bxa7 (24. Qxc5 Qxc5+ 25. Rxc5 Bxb6 $16) 24... Na4 25. Qxg7+ (25. Qxc6 {gets mated.} Qe3+ 26. Kh1 Nf2+ 27. Kg1 Nh3+ {[%mdl 64] Discovered Attack (Double check)} 28. Kh1 Qg1+ 29. Nxg1 Nf2#) 25... Qxg7 26. Bxg7 Kxg7) 23. Qc3 $1 {[%csl Gb2][%cal Rc3g7][%mdl 512]} Ndf6 24. bxa7 {Accuracy: White = 70%, Black = 60%.} 1-0